| 000 -LEADER |
| fixed length control field |
00798nam a22002177a 4500 |
| 005 - DATE AND TIME OF LATEST TRANSACTION |
| control field |
20231120091910.0 |
| 008 - FIXED-LENGTH DATA ELEMENTS--GENERAL INFORMATION |
| fixed length control field |
231120b ||||| |||| 00| 0 eng d |
| 020 ## - INTERNATIONAL STANDARD BOOK NUMBER |
| International Standard Book Number |
9781407107882 |
| 040 ## - CATALOGING SOURCE |
| Transcribing agency |
KH8 |
| 082 ## - DEWEY DECIMAL CLASSIFICATION NUMBER |
| Classification number |
823.914 MCC |
| 100 ## - MAIN ENTRY--PERSONAL NAME |
| Personal name |
McCombie, Karen |
| Relator term |
Author |
| 245 ## - TITLE STATEMENT |
| Title |
Six words and a wish / |
| Statement of responsibility, etc. |
Karen McCombie |
| 260 ## - PUBLICATION, DISTRIBUTION, ETC. |
| Place of publication, distribution, etc. |
London, |
| Name of publisher, distributor, etc. |
Scholastic, |
| Date of publication, distribution, etc. |
2011 |
| 300 ## - PHYSICAL DESCRIPTION |
| Extent |
282 pages ; |
| Dimensions |
20 cm |
| 500 ## - GENERAL NOTE |
| General note |
Children's stories |
| 520 ## - SUMMARY, ETC. |
| Summary, etc. |
Ever since Jem's sister Gracie ran away from home, Jem's wondered whether she's to blame. Something she said to Gracie before she disappearance is preying on her mind - Jem couldn't be the reason behind her vanishing, could she |
| 650 ## - SUBJECT ADDED ENTRY--TOPICAL TERM |
| Topical term or geographic name entry element |
Children's fiction |
| 650 ## - SUBJECT ADDED ENTRY--TOPICAL TERM |
| Topical term or geographic name entry element |
Children's stories |
| 650 ## - SUBJECT ADDED ENTRY--TOPICAL TERM |
| Topical term or geographic name entry element |
Families Fiction |
| 942 ## - ADDED ENTRY ELEMENTS (KOHA) |
| Source of classification or shelving scheme |
|
| Koha item type |
Books - Fiction |